[Event "Bahn-chG"]
[Site "Bad Wildungen"]
[Date "2000.09.25"]
[Round "2"]
[White "Polakowski, Jan"]
[Black "Ooms, Frans"]
[Result "1-0"]
[WhiteElo "1965"]
[BlackElo "1735"]
[PlyCount "75"]
[EventDate "2000.09.24"]
[EventType "swiss"]
[EventRounds "7"]
[EventCountry "GER"]
[SourceTitle "EXT 2003"]
[Source "ChessBase"]
[SourceDate "2002.11.25"]
[SourceVersion "1"]
[SourceVersionDate "2002.11.25"]
[SourceQuality "1"]

1. d4 d5 2. c3 e6 3. f4 Nf6 4. Nf3 c5 5. e3 Nbd7 6. Bd3 c4 7. Bc2 Be7 8. Nbd2 b5 9. a3 Nb6 10. 0-0 0-0 11. e4 dxe4 12. Nxe4 Nbd5 13. Ne5 Bb7 14. Qe1 Qc7 15. f5 exf5 16. Rxf5 Rae8 17. Bh6 Nxe4 18. Bxe4 Bd6 19. Bxg7 Kxg7 20. Qh4 Re6 21. Raf1 Rg6 22. Rh5 h6 23. Bxd5 Bxe5 24. Rxe5 Bxd5 25. Rxd5 Qc6 26. Qe4 Re8 27. Qf3 Re7 28. Rf5 Qxf3 29. R5xf3 a6 30. h3 Kg8 31. Rf6 Kg7 32. Rxg6+ fxg6 33. Kf2 Kf7 34. Re1 Rd7 35. Kf3 Rd6 36. Re4 Kf6 37. Rf4+ Kg7 38. Ke4 1-0

[Event "Bahn-chG"]
[Site "Bad Wildungen"]
[Date "2000.09.24"]
[Round "1"]
[White "Osten, Stefan"]
[Black "Polakowski, Jan"]
[Result "0-1"]
[WhiteElo "1696"]
[BlackElo "1965"]
[PlyCount "96"]
[EventDate "2000.09.24"]
[EventType "swiss"]
[EventRounds "7"]
[EventCountry "GER"]
[SourceTitle "EXT 2003"]
[Source "ChessBase"]
[SourceDate "2002.11.25"]
[SourceVersion "1"]
[SourceVersionDate "2002.11.25"]
[SourceQuality "1"]

1. c4 Nf6 2. g3 g6 3. Nc3 Bg7 4. Bg2 0-0 5. d4 c5 6. e3 Nc6 7. Nge2 d6 8. 0-0 cxd4 9. exd4 Bf5 10. Be3 Rc8 11. a3 Ng4 12. h3 Nxe3 13. fxe3 Na5 14. b3 a6 15. Ra2 Bd7 16. Kh2 b5 17. cxb5 axb5 18. Nd5 e6 19. Nb4 Qb6 20. Qd3 d5 21. Rc1 Rxc1 22. Nxc1 Nc6 23. Nxc6 Qxc6 24. Rc2 Qb6 25. b4 Ra8 26. Qb3 Qd6 27. Nd3 h5 28. h4 Bh6 29. e4 dxe4 30. Bxe4 Rd8 31. d5 g5 32. hxg5 Bxg5 33. Nc5 Bc8 34. dxe6 Kg7 35. exf7 h4 36. Qc3+ Bf6 37. Qf3 Be5 38. Nb7 hxg3+ 39. Kg2 Qh6 40. f8Q+ Rxf8 41. Rc7+ Bxc7 42. Qc3+ Kg8 43. Bd5+ Be6 44. Bxe6+ Qxe6 45. Qxc7 Qe4+ 46. Kh3 Qh1+ 47. Kxg3 Rf3+ 48. Kg4 Qg2+ 0-1

[Event "Gemuend op"]
[Site "Gemuend"]
[Date "1999.10.27"]
[Round "5"]
[White "Mueller, Michael"]
[Black "Polakowski, Jan"]
[Result "1/2-1/2"]
[WhiteElo "2163"]
[BlackElo "1850"]
[PlyCount "139"]
[EventDate "1999.10.24"]
[EventType "swiss"]
[EventRounds "7"]
[EventCountry "GER"]
[SourceTitle "EXT 2003"]
[Source "ChessBase"]
[SourceDate "2002.11.25"]
[SourceVersion "1"]
[SourceVersionDate "2002.11.25"]
[SourceQuality "1"]

1. d4 Nf6 2. Nf3 c5 3. c3 cxd4 4. cxd4 e6 5. Nc3 d5 6. Bf4 Bd6 7. Bg3 Bxg3 8. hxg3 Bd7 9. e3 Bc6 10. Bd3 Nbd7 11. Rc1 Rc8 12. b4 Nb6 13. Ne5 Nc4 14. Nxc6 Rxc6 15. Qe2 Nd6 16. 0-0 0-0 17. Na4 Rxc1 18. Rxc1 Qb8 19. Rc5 Rc8 20. Qc2 h6 21. f3 Nd7 22. Rxc8+ Qxc8 23. Qxc8+ Nxc8 24. e4 dxe4 25. fxe4 Kf8 26. Nc5 Nxc5 27. bxc5 Ke7 28. Kf2 Kd7 29. Ke3 b6 30. Bb5+ Kc7 31. Be8 f6 32. Bf7 Kd7 33. cxb6 axb6 34. Bh5 Kd6 35. Kd3 e5 36. Bg4 Ne7 37. d5 f5 38. exf5 Nxd5 39. a3 Nf6 40. Bd1 Kc5 41. Bb3 b5 42. Be6 Kd6 43. Bf7 Kc5 44. Be6 b4 45. axb4+ Kxb4 46. Bc8 Kc5 47. Bb7 Kd6 48. Ke3 Nd7 49. g4 Nc5 50. Bf3 Ke7 51. g3 Kf6 52. Bd1 Ke7 53. Bf3 Kd6 54. Bd1 Kd5 55. Bf3+ Kd6 56. Bd1 Nd7 57. Ba4 Nf6 58. Bd1 Kc5 59. Bf3 Kc4 60. Bd1 e4 61. Be2+ Kd5 62. Kf4 Kd4 63. g5 Nd5+ 64. Kg4 hxg5 65. Kxg5 Ke5 66. Bb5 e3 67. Be2 Nc3 68. Bf3 e2 69. Bxe2 Nxe2 70. Kg6 1/2-1/2

[Event "Gemuend op"]
[Site "Gemuend"]
[Date "1999.10.25"]
[Round "2"]
[White "Schuh, Willi"]
[Black "Polakowski, Jan"]
[Result "0-1"]
[WhiteElo "1727"]
[BlackElo "1850"]
[PlyCount "106"]
[EventDate "1999.10.24"]
[EventType "swiss"]
[EventRounds "7"]
[EventCountry "GER"]
[SourceTitle "EXT 2003"]
[Source "ChessBase"]
[SourceDate "2002.11.25"]
[SourceVersion "1"]
[SourceVersionDate "2002.11.25"]
[SourceQuality "1"]

1. d4 Nf6 2. e3 g6 3. Bd3 Bg7 4. f4 d5 5. Nf3 b6 6. 0-0 c5 7. c3 0-0 8. Nbd2 Ba6 9. Qe2 Bxd3 10. Qxd3 Qc8 11. Ne5 Qa6 12. Qxa6 Nxa6 13. g4 Rac8 14. g5 Nh5 15. Ng4 e6 16. Nf3 Rfd8 17. Kg2 Nb8 18. Bd2 Nd7 19. Rad1 Bf8 20. Bc1 b5 21. a3 a5 22. Nf2 Ng7 23. e4 c4 24. exd5 exd5 25. Bd2 Bd6 26. Ng4 Nf5 27. Nge5 Nf8 28. Kh3 Ne6 29. Nh4 Nxh4 30. Kxh4 Ng7 31. Kg4 Nf5 32. Rf2 Rc7 33. Rdf1 b4 34. axb4 axb4 35. Ra1 Rcc8 36. Rff1 Bxe5 37. fxe5 Ra8 38. h4 b3 39. Rxa8 Rxa8 40. Rb1 Kf8 41. h5 Ra2 42. h6 Ke8 43. Kf4 Kd7 44. Kg4 Ne7 45. Kf4 Nc8 46. Kg4 Nb6 47. Kf4 Na4 48. Bc1 Kc6 49. Kf3 Kd7 50. Kf4 Kc6 51. Kf3 Kb5 52. Kf4 Nb6 53. e6 fxe6 0-1